Longest, Shortest, Highest, Lowest... - Statistics

General Stats
  • This quiz has been taken 41 times
    16 since last reset
  • The average score is 14 of 24
Answer Stats
Hint Answer % Correct
Largest Continent Asia
100%
Smallest Continent Australia
85%
Highest Mountain Mount Everest
85%
Largest River Amazon
77%
Largest Island Greenland
77%
Deepest Underwater Trench Mariana
77%
Longest River Nile
77%
Deepest Ocean Pacific
77%
Largest Ocean Pacific
77%
Longest Mountain Range Andes
69%
Smallest Ocean Arctic
69%
Largest Sea Mediterranean Sea
62%
Largest Gulf Mexico
62%
Largest Peninsula Arabia
54%
Largest Waterfall Angel
46%
Largest Lake Caspian Sea
46%
Lowest Point on Land Dead Sea Depression
46%
Largest Archipelago Indonesia
46%
Largest Freshwater Lake Lake Superior
46%
Largest Canyon Grand
38%
Highest Lake Lake Titicaca
38%
Largest Bay Bengal
31%
Lowest Lake Dead Sea
31%
Shortest River Roe
0%
No matching quizzes found
Score Distribution
Percent of People with Each Score
Percentile by Number Answered
Your Score History
You have not taken this quiz since the last reset